| 000 | 00455nam a2200121Ia 4500 | ||
|---|---|---|---|
| 008 | 171212s9999 xx 000 0 und d | ||
| 020 | _a9780833052339 | ||
| 100 | _aHarrell, Margaret C.;Hix, William M. | ||
| 245 |
_cHarrell, Margaret C.;Hix, William M. _aManaging Adverse and Reportable Information Regarding General and Flag Officers |
||
| 260 |
_bRAND Corporation _c2012 |
||
| 650 | _aBusiness | ||
| 856 | _uhttp://www.jstor.org/stable/10.7249/j.ctt5hht85 | ||
| 999 |
_c352292 _d352292 |
||